01325cas a22003857ar450000500170000000800410001701000100005801100100006802200140007803500100009221000180010224500270012024600280014726000620017530000070023736200190024459000410026359000410030459000410034559000420038665000450042865000520047378000330052578000300055878000490058886600430063786600420068086600420072286600420076486600420080686600420084886600250089090100070091599900170092220220329142303.0120613c1999 jp zr pernn 0 b1eng d a81086 a82058 a1344-3941 a925430 aAnim. sci. j.00aAnimal science journal11aNihon Chikusan Gakkaiho aTokyo :bJapanese Society of Zootechnical Science,c1999- av.0 av.70 n.1, 1999 aBATCH-UPDb10c20130110lUCH01h0757 aBATCH-UPDb10c20130410lUCH01h0436 aBATCH-UPDb10c20130914lUCH01h1502 aCONVERSIONb10c20130109lUCH01h134504aAnimales domesticosxMejoramiento.9590914aGanaderíaxPublicaciones periódicas.94483700tAnimal Science an Technology00tNippon chikusan gakkai-ho00tThe Japanese Journal of Zootechnical Science av. 71 n. 1 (2000) - v. 72 n. 10 (2001) av. 73 n. 1 (2002) - v. 73 n. 6 (2002) av. 74 n. 1 (2003) - v. 74 n. 6 (2003) av. 75 n. 1 (2004) - v. 75 n. 6 (2004) av. 77 n. 1 (2006) - v. 77 n. 6 (2006) av. 78 n. 1 (2007) - v. 78 n. 6 (2007) av.70 n.1-10 - (1999) aSE c81086d81086